000 00733nam a2200289Ia 4500
003 OSt
005 20220912151747.0
006 a|||||r|||| 00| 0
007 ta
008 220909b |||||||| |||| 00| 0 eng d
024 _a20098
037 _cTextual
040 _aCSL
_beng
_cCSL
041 _aeng
082 _aY73(Q2):4, M8.2
100 _aLAL Deepak
245 0 _aHindu Equillibrium: Aspects of Indian Labour
260 _aOxford
_bClarendon Press
_c1988
300 _a197p.
_ccm.
650 _a ethnic relations
650 _a Ethnology
650 _a Hindus
650 _a race
650 _aAnthropology
942 _hY73(Q2):4, M8.2
_cTEXL
_2CC
999 _c74811
_d74811